000
00313nam a2200109Ia 4500
008
171211s9999 xx 000 0 und d
245
_a
Patient Flow: Reducing Delay in Healthcare Delivery
245
_c
Randolph Hall
260
_c
2006
650
_x
FITNESS
856
_u
http://down.ebook777.com/063/0387336354.pdf
999
_c
349051
_d
349051